| 000 | 00813nam a22002657a 4500 | ||
|---|---|---|---|
| 001 | 3265 | ||
| 003 | FISKH | ||
| 005 | 20250530143833.0 | ||
| 008 | 240222b cb ||||| |||| 00| 0 eng d | ||
| 020 | _a9780439785020 | ||
| 040 |
_aFISKH _beng _cFISKH _dFISKH |
||
| 050 | _aQL799.J46 | ||
| 082 | _a591.4 | ||
| 100 |
_aJenkins, Steve _d1952-2021 |
||
| 245 |
_aBig & Little / _cSteve Jenkins |
||
| 260 |
_aNew York : _bScholastic, _c1996 |
||
| 300 |
_a30 unnumbered pages : _bcolor illustrations : _c21 cm |
||
| 505 | _aG | ||
| 520 | _aIllustrates the concept of size by comparing different animals, from the smallest visible animals to the largest. | ||
| 521 |
_a300
_bLexile Adjusted |
||
| 521 |
_aG
_bRas-Plus |
||
| 650 |
_aConcept _vAnimals _xMath |
||
| 942 |
_2ddc _cBK _n0 |
||
| 999 |
_c3265 _d3265 |
||